00481 2200193 4500001002100000005001500021008004100036020002200077035001900099041000700118082001000125090001600135100001900151245002000170260003600190300003500226500001000261650001600271INLIS00000000000213520241224112500241224||||||||| | ||| |||| || |  a978-602-202-074-5 0010-1224002135 aid0 a611.7 a611.7 KHO m0 aKholid Rosyidi00aMuskuloskeletal aJakartabTrans Info Mediac2013 axii, 216 hlm. : ilus, ; 20 cm. aCet.1 0aKeperawatan